Integrity and integral control in information systems : strategic views on the need for control : IFIP TC11 WG11.5 Third Working Conference on Integrity and Internal Control in Information Systems, November 18-19, 1999, Amsterdam , The Netherlands
Αποθηκεύτηκε σε:
| Συγγραφή απο Οργανισμό/Αρχή: | |
|---|---|
| Άλλοι συγγραφείς: | , |
| Μορφή: | Πρακτικό Συνεδρίου Βιβλίο |
| Γλώσσα: | English |
| Δημοσίευση: |
Boston :
Kluwer Academic Publishers,
c2000.
|
| Σειρά: | International Federation for Information Processing ;
37 |
| Θέματα: | |
| Ετικέτες: |
Προσθήκη ετικέτας
Δεν υπάρχουν, Καταχωρήστε ετικέτα πρώτοι!
|
MARC
| LEADER | 00000cam a2200000 i 4500 | ||
|---|---|---|---|
| 001 | 1/18676 | ||
| 008 | 010319s2000 gr | ||| |||| ||eng|| | ||
| 020 | |a 0792378210 | ||
| 035 | |l 10066575 | ||
| 040 | |a GR-MyUa |b gre |e AACR2 | ||
| 041 | 0 | |a eng | |
| 082 | 7 | |a 658.4038 |2 (22) | |
| 111 | 2 | |a IFIP TC11 WG11.5 Working Conference on Integrity and Internal Control in Information Systems |n (3rd : |d 1999 : |c Amsterdam, Netherlands) | |
| 245 | 1 | 0 | |a Integrity and integral control in information systems : |b strategic views on the need for control : IFIP TC11 WG11.5 Third Working Conference on Integrity and Internal Control in Information Systems, November 18-19, 1999, Amsterdam , The Netherlands / |c edited by Margaret E. Van Biene Hershey, Leon Strous. |
| 260 | |a Boston : |b Kluwer Academic Publishers, |c c2000. | ||
| 300 | |a x, 188 σ. : |b εικ. ; |c 25 εκ. | ||
| 490 | 1 | |a (International Federation for Information Processing ; |v 37) | |
| 504 | |a Περιλαμβάνει βιβλιογραφικές παραπομπές και ευρετήρια. | ||
| 650 | 0 | |a Information resources management |x Congresses. | |
| 650 | 0 | |a Computer security |x Congresses. | |
| 700 | 1 | |a Biene-Hershey, Margaret E. van, |e edtf | |
| 700 | 0 | |a Strous, Leon, |e edt | |
| 830 | 0 | |a International Federation for Information Processing ; |v 37 | |
| 852 | |a INST |b SAMOS |e 20010319 |h 658.4038 IFI |p 005300021315 |q 005300021315 |t BK |y 0 | ||
| 901 | |a BIBL3-2001-1 | ||
| 922 | |a 3ΕΛΗ |b 200102 |c ΤΠΕΣ/ΚΒ |d Μιχαλόπουλος | ||
| 950 | |a 133-2000-12-07 | ||
| 970 | |a Κοσιέρης |b Χρήστος |z 21/03/2001 | ||